000 00290nam a22001217a 4500
008 160520b xxu||||| |||| 00| 0 eng d
020 _a9780073520865
020 _a9780073520865
041 _aeng
080 _a615
245 _aPharmacology:
_cHenry Hitner; Barbara Nagle;
942 _2udc
_cBK
999 _c2321
_d2321